| 000 | 00541nam a2200157Ia 4500 | ||
|---|---|---|---|
| 008 | 210716s2012 xx 000 0 und d | ||
| 020 | _a9788131715222 | ||
| 041 | _aeng | ||
| 082 | _a658.303 EDWT | ||
| 100 | _aEdwards, Tony;Rees, Chris | ||
| 245 |
_aInternational human resource management: globalization national systems and multinational companies. _bGlobalization national systems and multinational companies. |
||
| 250 | _a1 | ||
| 260 |
_aNew Delhi _bPearson Education _c2012 |
||
| 300 | _axix,310/2017 | ||
| 650 | _aInternational HRM | ||
| 999 |
_c211068 _d211068 |
||